Schémy podpory rizikového kapitálu z verejných zdrojov diplomová práca

Guardado en:
Detalles Bibliográficos
Autor principal: Pigulová, Anna
Autor Corporativo: Podnikovohospodárska fakulta EU so sídlom v Košiciach. Katedra účtovníctva a financií
Otros Autores: Freňáková, Magdaléna, 1981-
Formato: Libro
Lenguaje:eslovaco
Publicado: Košice 2011
Etiquetas: Agregar Etiqueta
Sin Etiquetas, Sea el primero en etiquetar este registro!

MARC

LEADER 00000nbm a2200000 4500
001 0139214
005 20161109101914.4
041 0 |a slo 
044 |a SK 
245 1 0 |a Schémy podpory rizikového kapitálu z verejných zdrojov  |b diplomová práca  |c Anna Pigulová ; školiteľ: Magdaléna Freňáková 
264 1 |a Košice  |c 2011 
300 |a 82 s. 
100 1 |a Pigulová, Anna 
700 1 |a Freňáková, Magdaléna, 1981- 
710 2 |a Podnikovohospodárska fakulta EU so sídlom v Košiciach. Katedra účtovníctva a financií